000 00346nam a2200145Ia 4500
008 230312s9999||||xx |||||||||||||| ||und||
020 _a0-7483-4370-9
082 _a657.3
_bPRE
245 0 _aPreparing Financial Statements
260 _bFoulks Lynch Ltd
_aUK
_c2001
300 _a481
546 _aEng.
650 _aManagement
_vACCA
942 _cBK
999 _c7027
_d7027